Študentská angažovanosť v novembri 1989
Úloha študentov v revolučných udalostiach roku 1989 na Slovensku, zdôrazňujúc ich aktivity v širšom kontexte boja za demokratizáciu a občianske práva. Poukázanie na dôležitosť otázok slobody, nezávislosti médií a udržiavania demokratických procesov aj v kontexte súčasnosti.
Salvato in:
| Autore principale: | |
|---|---|
| Natura: | Capitolo di libro |
| Lingua: | slovacco |
| Soggetti: | |
| Tags: |
Nessun Tag, puoi essere il primo ad aggiungerne!!
|
MARC
| LEADER | 00000naa a2200000 4500 | ||
|---|---|---|---|
| 001 | 0306106 | ||
| 005 | 20250813080315.2 | ||
| 041 | 0 | |a slo | |
| 044 | |a SK | ||
| 245 | 1 | 0 | |a Študentská angažovanosť v novembri 1989 |c Dávid Pelošjan |
| 520 | |a Úloha študentov v revolučných udalostiach roku 1989 na Slovensku, zdôrazňujúc ich aktivity v širšom kontexte boja za demokratizáciu a občianske práva. Poukázanie na dôležitosť otázok slobody, nezávislosti médií a udržiavania demokratických procesov aj v kontexte súčasnosti. | ||
| 610 | 2 | 0 | |a študenti |
| 610 | 2 | 0 | |a procesy sociálne |
| 610 | 2 | 0 | |a revolúcia |
| 610 | 2 | 0 | |a revolúcia národnodemokratická |
| 610 | 2 | 0 | |a sloboda |
| 610 | 2 | 0 | |a demokracia |
| 610 | 2 | 0 | |a práva ľudské |
| 610 | 2 | 0 | |a dôvody sociálne |
| 100 | 1 | |a Pelošjan, Dávid | |